000 01528 a2200205 4500
001 27427
005 20260407155549.0
008 260407a1968 arg spa d
003 AR-UNSa-BCEJYS
040 _aAR-UNSa-BCEJYS
_bspa
_cAR-UNSa-BCEJYS
080 _a658.5
_xPlanificación y control de la producción
245 1 0 _aControl de la producción
_pSistemas y decisiones
264 1 _aMéxico :
_bDiana
_c1968
300 _a710 p.
_c24 cm.
505 _aParte I: Introducción: 1. Diseño de sistemas - 2. La lógica del diseño de sistemas y de la toma de decisiones - 3. Conceptos del control de la producción - Parte II: Dato de entrada al sistema de producción: 4. Información de producto y elaboración - 5. Información de costos - 6. Prediccción de la cantidad - 7. Sistemas de inventario - 8. Decisiones de inventarios - 9. Datos para la programación - Parte III: Diseño de sistemas: 10. La organización y las instalaciones - 11. Sistemas manuales de control - 12. Elaboración de datos en tajetas - 13. Equipo de tarjetas de datos - 14. Equipo de computadoras - 15. Sistemas de computadoras - Parte IV: Toma dedecisiones: 16. Programación gráfica - 17.Programación lineal - 18. Ayudas mecánicas - 19. Analogías de condiciones y modelos herísticos - Parte V: Los sistemas en la práctica : 20. Presentación del diseño de sistemas - 21. Diseño y rediseño - 22. Hoy y mañana.
942 _cBK
590 _aniveau_biblio:m niveau_hierar:0
100 1 _aGreene, James H.
700 1 _aBlanco, Felix
999 _c1588
_d1588